Kraje według wzrostu populacji, 1970–obecnie - Statystyki

Ogólne statystyki
  • Ten quiz został rozwiązany 17 razy
  • Średni wynik to 10 z 20
Statystyki odpowiedzi
% Wzrostu # Wzrost Państwo % Poprawnych
618 mln Chiny
100%
884 mln Indie
100%
602% Niger
80%
172 mln Nigeria
80%
143 mln Stany Zjednoczone
80%
122 mln Brazylia
73%
84,1 mln Demokratyczna Republika Konga
73%
184 mln Pakistan
73%
107 mln Bangladesz
67%
100 mln Etiopia
67%
165 mln Indonezja
67%
624% Angola
27%
623% Arabia Saudyjska
27%
678% Bahrajn
13%
750% Jordania
13%
2457% Katar
13%
559% Kuwejt
13%
707% Oman
13%
3475% Zjednoczone Emiraty Arabskie
13%
817% Dżibuti
7%
Nie znaleziono quizów pasujących do podanych kryteriów
Rozkład punktacji
Procent ludzi z każdym wynikiem
Percentyl według liczby udzielonych odpowiedzi
Twoja historia wyników
Nie rozwiązałeś tego quizu